| 000 | 01521nam a22002895i 4500 | ||
|---|---|---|---|
| 001 | 159076 | ||
| 003 | ES-MaACL | ||
| 005 | 20230906211435.0 | ||
| 008 | 010327s1854 sp abc |||| | spa d | ||
| 080 | _a327(460:469) | ||
| 080 | _a327(469:460) | ||
| 100 | 1 |
_aMas, Sinibaldo de ( _d1809-1868) _9129689 |
|
| 245 | 1 | 3 |
_aLa Iberia : _bmemoria sobre la conveniencia de la unión pacífica y legal de Portugal y España / _cescrita por Don Sinibaldo de Mas. |
| 250 | _a3ª ed. corr. | ||
| 260 |
_aMadrid : _b[s.n.], _c1854 ( _fImp. y Estereotipia de M. Rivadeneyra) |
||
| 300 |
_a60 p., [2] h. de lám., [1] h. pleg. de mapa ; _c22 cm. |
||
| 505 | 8 | _aContiene: Traducción al castellano del prólogo portugués escrito por D. José Mª Latino Coelho, y puesto en Lisboa a la traducción de la presente memoria La Iberia, impresa por primera vez en aquella capital a fines de 1851 | |
| 530 | _aDisponible en formato digital. | ||
| 599 | _aLám.: retr. de María Isabel Francisca de Asís, princesa de Asturias; retr. de D. Pedro V, rey de Portugal. | ||
| 650 | 4 |
_aIberismo. _9172986 |
|
| 651 | 4 |
_aEspaña- _xRelaciones- _zPortugal. _98476 |
|
| 651 | 4 |
_aPortugal- _xRelaciones- _zEspaña. _99269 |
|
| 700 | 1 |
_aCoelho, José María Latino ( _d1825-1891) _9126522 |
|
| 852 | 4 |
_aES-MaACL _jFol-Laf-294 _z- Legado Modesto de la Fuente |
|
| 856 | 4 |
_uhttp://bdh-rd.bne.es/viewer.vm?id=0000247162&page=1 _zBiblioteca Digital Hispánica |
|
| 856 |
_uhttps://archive.org/details/laiberiamemoria00unkngoog _zInternet Archive |
||
| 999 |
_c159076 _d159076 |
||